Statistiken für Alle Minderheiten der Ukraine

Klicken Sie hier um das Quiz zu spielen!

Allgemein

  • Dieses Quiz wurde 91 mal gespielt
  • Das Durchschnittsergebnis liegt bei 22 aus 28

Antwortstatistiken

BevölkerungLand% Korrekt
8,334,141Russland
99%
144,130Polen
95%
33,302Deutschland
93%
258,619Moldawien
92%
150,989Rumänien
92%
8,844Türkei
92%
275,763Weißrussland
92%
34,199Georgien
87%
2,868Estland
85%
5,526Kasachstan
85%
7,207Litauen
85%
45,176Aserbaidschan
84%
204,574Bulgarien
84%
5,079Lettland
84%
99,894Armenien
83%
6,397Slowakei
83%
156,566Ungarn
81%
2,213China
77%
4,255Tadschikistan
77%
3,709Turkmenistan
77%
12,353Usbekistan
77%
1,128Kirgisistan
73%
5,917Tschechien
71%
91,548Griechenland
67%
3,308Albanien
56%
1,008Afghanistan
51%
3,850Thailand
29%
49,817Südkorea
27%

Verteilung der Resultate

Perzentil nach korrekt beantworteten Fragen

Anzahl Personen mit jedem Resultat

Ihre Resultats-Entwicklung

Sie haben dieses Quiz noch nicht gespielt